00640nam a2200217Ia 4500003000900000008004100009040001300050040001300063041000800076100001900084245004800103250001200151260002100163260000900184300000800193490001000201490000600211942000700217999001300224952018500237IT-RoPAU120407s9999 xx 000 0 und d aIT-RoPAU cIT-RoPAU aita aAndrè Arnoux aLe vie della felicità. Esperienze di vita aPescara aEdizioni Paoline c1960 c cm aUt in v1 cBK c240d240 00102ddc406248_53000000000000071aPAULUSbPAULUSd2012-04-11l0o248.53r2012-04-11 00:00:00w2012-04-11yBKzInserito da: Anna In data: n.d. fondo: Via A.Severo 56 Progr:23915